| 000 | 01132nam a2200205Ia 4500 | ||
|---|---|---|---|
| 999 |
_c38141 _d38141 |
||
| 001 | 4131 | ||
| 003 | GE_BSU | ||
| 005 | 20190927112730.0 | ||
| 008 | 181216s1973||||ge |||||||||||||| ||geo|| | ||
| 040 | _cGE_BSU | ||
| 041 | _ageo | ||
| 080 | _a398(479.223)+821.253.1 ქ–27 | ||
| 245 |
_aქართული (აჭარული) ზღაპრები : _bტ. 1 : ზღაპრები ცხოველთა შესახებ, ჯადოსნური ზღაპრები / _cშეადგინეს, შენიშვნები, საძიებლები და ლექსიკონი დაურთეს: ა. ახვლედიანმა, ე. ზოიძემ, ზ. თანდილავამ და სხვ. |
||
| 264 |
_aბათუმი : _bსაბჭ. აჭარა, _c1973. |
||
| 300 |
_a164 გვ. ; _b21 სმ. |
||
| 653 | _a ზღაპრები | ||
| 700 |
_aახვლედიანი, ა. _eშემდგენელი _91870 |
||
| 700 |
_aზოიძე, ე. და სხვ. _eშემდგენელი _93980 |
||
| 942 |
_cBK _2udc |
||